Т. 2; Курс физики с примерами решения задач

Detaylı Bibliyografya
Parent link:Курс физики с примерами решения задач: учебник: в 2 т./ Т. И. Трофимова, А. В. Фирсов. Т. 2.— , 2010.— 978-5-406-00339-8
Özet:В учебнике дано систематическое изложение курса общей физики, приведены примеры решения задач, задачи для самостоятельного решения, вопросы и тесты. Особенностью настоящего издания является возможность использовать его для самостоятельной работы при изучении нового материала, повторении и подготовке к экзаменам. Для преподавателей и студентов, обучающихся по гуманитарным специальностям, а также учащихся колледжей и 10—11 классов общеобразовательных школ. Может быть использован при подготовке к ЕГЭ.
Dil:Rusça
Baskı/Yayın Bilgisi: 2010
Konular:
Materyal Türü: MixedMaterials Kitap
KOHA link:https://koha.lib.tpu.ru/cgi-bin/koha/opac-detail.pl?biblionumber=200935

MARC

LEADER 00000nam2a2200000 4500
001 200935
005 20231101225006.0
010 |a 9785406003411 
035 |a (RuTPU)RU\TPU\book\219026 
035 |a RU\TPU\book\210945 
090 |a 200935 
100 |a 20110916d2010 m y0rusy50 ca 
101 0 |a rus 
102 |a RU 
105 |a a j 000zy 
200 0 |a Т. 2 
210 |d 2010 
215 |a 378 с.  |c ил. 
330 |a В учебнике дано систематическое изложение курса общей физики, приведены примеры решения задач, задачи для самостоятельного решения, вопросы и тесты. Особенностью настоящего издания является возможность использовать его для самостоятельной работы при изучении нового материала, повторении и подготовке к экзаменам. Для преподавателей и студентов, обучающихся по гуманитарным специальностям, а также учащихся колледжей и 10—11 классов общеобразовательных школ. Может быть использован при подготовке к ЕГЭ. 
461 1 |0 (RuTPU)RU\TPU\book\219350  |y 978-5-406-00339-8  |t Курс физики с примерами решения задач  |o учебник: в 2 т.  |f Т. И. Трофимова, А. В. Фирсов  |v Т. 2  |d 2010 
606 1 |a Физика  |2 stltpush  |3 (RuTPU)RU\TPU\subj\63709  |9 80688 
610 1 |a задачи 
610 1 |a механика 
610 1 |a кинематика 
610 1 |a динамика 
610 1 |a жидкости 
610 1 |a специальная теория относительности 
610 1 |a молекулярная физика 
610 1 |a статистические методы 
610 1 |a термодинамические методы 
610 1 |a молекулярно-кинетическая теория 
610 1 |a пар 
610 1 |a твердые тела 
610 1 |a термодинамика 
610 1 |a идеальные газы 
610 1 |a внутренняя энергия 
610 1 |a электродинамика 
610 1 |a электрическое поле 
610 1 |a постоянный электрический ток 
610 1 |a магнитные поля 
610 1 |a электромагнитная индукция 
610 1 |a колебания 
610 1 |a волны 
610 1 |a механические колебания 
610 1 |a электромагнитные колебания 
610 1 |a электромагнитные волны 
610 1 |a упругие волны 
610 1 |a оптика 
610 1 |a квантовая физика 
610 1 |a световые кванты 
610 1 |a атомная физика 
610 1 |a элементарные частицы 
610 1 |a учебные пособия 
675 |a 53(075.8)  |v 3 
801 1 |a RU  |b 63413507  |c 20110323 
801 2 |a RU  |b 63413507  |c 20150512  |g RCR 
900 |a Физика 
942 |c BK 
959 |a 32/20110323  |d 1  |e 120,00  |f ЧЗТЛ:1